<?xml version="1.0" encoding="UTF-8"?><?xml-stylesheet type="text/xsl" href="static/style.xsl"?><OAI-PMH xmlns="http://www.openarchives.org/OAI/2.0/" xmlns:xsi="http://www.w3.org/2001/XMLSchema-instance" xsi:schemaLocation="http://www.openarchives.org/OAI/2.0/ http://www.openarchives.org/OAI/2.0/OAI-PMH.xsd"><responseDate>2026-04-14T15:32:46Z</responseDate><request verb="GetRecord" identifier="oai:uvadoc.uva.es:10324/7367" metadataPrefix="marc">https://uvadoc.uva.es/oai/request</request><GetRecord><record><header><identifier>oai:uvadoc.uva.es:10324/7367</identifier><datestamp>2021-06-29T10:14:36Z</datestamp><setSpec>com_10324_38</setSpec><setSpec>col_10324_852</setSpec></header><metadata><record xmlns="http://www.loc.gov/MARC21/slim" xmlns:doc="http://www.lyncode.com/xoai" xmlns:xsi="http://www.w3.org/2001/XMLSchema-instance" xmlns:dcterms="http://purl.org/dc/terms/" xsi:schemaLocation="http://www.loc.gov/MARC21/slim http://www.loc.gov/standards/marcxml/schema/MARC21slim.xsd">
<leader>00925njm 22002777a 4500</leader>
<datafield tag="042" ind1=" " ind2=" ">
<subfield code="a">dc</subfield>
</datafield>
<datafield tag="720" ind1=" " ind2=" ">
<subfield code="a">García Pérez, Esperanza</subfield>
<subfield code="e">author</subfield>
</datafield>
<datafield tag="260" ind1=" " ind2=" ">
<subfield code="c">2014</subfield>
</datafield>
<datafield tag="520" ind1=" " ind2=" ">
<subfield code="a">El trabajo que a continuación se presenta se ha desarrollado en un centro educativo de la ciudad de Valladolid. Muestra la inclusión de un alumnado con retraimiento social a través de los juegos del mundo. Basado en estudios e investigaciones, se elabora una unidad didáctica que consta de cuatro sesiones y con una metodología específica para llevar a cabo los objetivos marcados. A lo largo del proyecto, se realiza una observación, un análisis y una intervención.</subfield>
</datafield>
<datafield tag="024" ind2=" " ind1="8">
<subfield code="a">http://uvadoc.uva.es/handle/10324/7367</subfield>
</datafield>
<datafield ind1=" " ind2=" " tag="653">
<subfield code="a">Socialización</subfield>
</datafield>
<datafield ind1=" " ind2=" " tag="653">
<subfield code="a">Conducta social</subfield>
</datafield>
<datafield ind1=" " ind2=" " tag="653">
<subfield code="a">Integración escolar</subfield>
</datafield>
<datafield tag="245" ind1="0" ind2="0">
<subfield code="a">Los juegos del mundo para la inclusión del alumnado retraído</subfield>
</datafield>
</record></metadata></record></GetRecord></OAI-PMH>